| 000 | 00553nam a22001457a 4500 | ||
|---|---|---|---|
| 005 | 20160711170006.0 | ||
| 008 | 160711b xxu||||| |||| 00| 0 eng d | ||
| 022 | _a2349-0241 | ||
| 245 | _aUrban world | ||
| 260 |
_aMumbai _bAll India Institute of Local Self-Government |
||
| 300 |
_av. : _c28 cm. |
||
| 310 | _aQuarterly | ||
| 270 |
_aM.N.Roy Human Development Campus,Pilt No.6, TPS Road No.12'F' BlockOpp. Government Colony Bldg. No.326,Bandra(East) _bMumbai _dIndia _mdirctor.aiilsg@gmail.com _zwww.hardnewsmedia.com _e400051 |
||
| 942 |
_2ddc _cSR _s1 _mURB |
||
| 999 |
_c101225 _d101225 |
||